000 01043nam0a22002891 4500
001 RU\NLR\INFOCOMM_46\5000725301
005 20250613101911.0
035 _a(NLR Aleph) 009399910
090 _a8097051
_c8097051
100 _a20110125d1983 |||y0rusy50 ca
101 0 _aspa
102 _aRU
105 _ay ||||000|y
200 1 _aLa cara oculta de la "solidaridad interamericana"
_fYuri Gvózdev
210 _aM.
_cEd. de la Agencia de prensa "Nóvosti"
_d1983
215 _a79 с.
_d17 см
300 _aВ вып. дан.: Что скрывается за "межамериканской солидарностью" / Юрий Гвоздев
607 _aЛатинская Америка
_xВнешняя политика
_z20 в.
_2nlr_sh1
686 _aТ3(70)63-6
_2rubbk
686 _aХ915.22(7)
_2rubbk
700 1 _9z02790
_aGvozdev
_bJ. I.
_gJurij Ivanovič
_4070
790 1 _9z02700
_aGvózdev
_bY.
_gYuri
_4070
801 1 _aRU
_bNLR
_c20110125
801 0 _aRU
_bNLR
_gPSBO
852 _aNLR
_jП41 Д-2/48
942 _cBOOK
980 _aNB